Landeskunde der ČSSR deutschsprachiger Länder und Entwicklung der Kultur
Gespeichert in:
| 1. Verfasser: | |
|---|---|
| Format: | Buch |
| Sprache: | Deutsch |
| Veröffentlicht: |
Bratislava
Vysoká škola ekonomická
1981
|
| Tags: |
Keine Tags, Fügen Sie das erste Tag hinzu!
|
MARC
| LEADER | 00000nam a2200000 4500 | ||
|---|---|---|---|
| 001 | c138639 | ||
| 005 | 20250520125549.8 | ||
| 041 | 0 | |a ger | |
| 044 | |a SK | ||
| 245 | 1 | 0 | |a Landeskunde der ČSSR deutschsprachiger Länder und Entwicklung der Kultur |c Ida Ambrosová a kol. |
| 264 | 1 | |a Bratislava |b Vysoká škola ekonomická |c 1981 | |
| 300 | |a 249 s. | ||
| 100 | 1 | |a Ambrosová, Ida | |